Štatistická správa o základných vývojových tendenciách v hospodárstve SR v 1. štvrťroku 1999

Uložené v:
Podrobná bibliografia
Médium: Kniha
Jazyk:Slovak
Vydavateľské údaje: Bratislava Štatistický úrad Slovenskej republiky 1999
Tagy: Pridať tag
Žiadne tagy, Buďte prvý, kto otaguje tento záznam!

MARC

LEADER 00000nam a2200000 4500
001 c113613
005 20260211070750.3
041 0 |a slo 
044 |a SK 
245 1 0 |a Štatistická správa o základných vývojových tendenciách v hospodárstve SR v 1. štvrťroku 1999 
264 1 |a Bratislava  |b Štatistický úrad Slovenskej republiky  |c 1999 
300 |a 26 s.